000 00282nam a2200121Ia 4500
008 230312s9999||||xx |||||||||||||| ||und||
082 _a920
_bSTA-C
100 _aStallings;William
245 0 _aComputer Organization & Architecture
300 _a778
650 _aComputer
942 _cBK
999 _c816
_d816